<?xml version="1.0" encoding="UTF-8"?>
<record
    xmlns:xsi="http://www.w3.org/2001/XMLSchema-instance"
    xsi:schemaLocation="http://www.loc.gov/MARC21/slim http://www.loc.gov/standards/marcxml/schema/MARC21slim.xsd"
    xmlns="http://www.loc.gov/MARC21/slim">

  <leader>01535nam1a22003971  4500</leader>
  <controlfield tag="001">RU\NLR\A1SV\71038</controlfield>
  <controlfield tag="005">20260406090413.0</controlfield>
  <datafield tag="035" ind1=" " ind2=" ">
    <subfield code="a">(NLR Aleph) 009752586</subfield>
  </datafield>
  <datafield tag="090" ind1=" " ind2=" ">
    <subfield code="a">9986588</subfield>
    <subfield code="c">9986588</subfield>
  </datafield>
  <datafield tag="100" ind1=" " ind2=" ">
    <subfield code="a">20260120              rusy50        </subfield>
  </datafield>
  <datafield tag="101" ind1="0" ind2=" ">
    <subfield code="a">rus</subfield>
  </datafield>
  <datafield tag="102" ind1=" " ind2=" ">
    <subfield code="a">RU</subfield>
  </datafield>
  <datafield tag="200" ind1="1" ind2=" ">
    <subfield code="a">&#x41F;&#x440;&#x430;&#x43A;&#x442;&#x438;&#x43A;&#x430; &#x434;&#x43E;&#x433;&#x43E;&#x432;&#x43E;&#x440;&#x43E;&#x432;</subfield>
    <subfield code="e">&#x420;&#x443;&#x43A;. &#x43A; &#x441;&#x43E;&#x441;&#x442;&#x430;&#x432;&#x43B;&#x435;&#x43D;&#x438;&#x44E; &#x434;&#x43E;&#x433;&#x43E;&#x432;&#x43E;&#x440;&#x43E;&#x432; &#x438; &#x441;&#x434;&#x435;&#x43B;&#x43E;&#x43A; &#x43F;&#x43E; &#x434;&#x435;&#x439;&#x441;&#x442;&#x432;&#x443;&#x44E;&#x449;&#x435;&#x43C;&#x443; &#x437;&#x430;&#x43A;&#x43E;&#x43D;&#x43E;&#x434;&#x430;&#x442;&#x435;&#x43B;&#x44C;&#x441;&#x442;&#x432;&#x443; &#x441; &#x43F;&#x440;&#x438;&#x43C;&#x435;&#x440;&#x430;&#x43C;&#x438; &#x438; &#x43E;&#x431;&#x440;&#x430;&#x437;&#x446;&#x430;&#x43C;&#x438;</subfield>
    <subfield code="f">&#x412;.&#x410;.&#x41A;&#x440;&#x430;&#x441;&#x43D;&#x43E;&#x43A;&#x443;&#x442;&#x441;&#x43A;&#x438;&#x439;, &#x41C;.&#x413;.&#x41A;&#x43B;&#x44F;&#x446;&#x43A;&#x438;&#x43D; &#x438; &#x413;.&#x414;.&#x420;&#x44B;&#x43D;&#x434;&#x437;&#x44E;&#x43D;&#x441;&#x43A;&#x438;&#x439;</subfield>
  </datafield>
  <datafield tag="210" ind1=" " ind2=" ">
    <subfield code="a">&#x41C;.</subfield>
    <subfield code="c">&#x42E;&#x440;&#x438;&#x434;. &#x438;&#x437;&#x434;-&#x432;&#x43E; &#x41D;&#x430;&#x440;&#x43A;&#x43E;&#x43C;&#x44E;&#x441;&#x442;&#x430; &#x420;&#x421;&#x424;&#x421;&#x420;</subfield>
    <subfield code="d">1924-1925</subfield>
  </datafield>
  <datafield tag="215" ind1=" " ind2=" ">
    <subfield code="d">23 &#x441;&#x43C;</subfield>
  </datafield>
  <datafield tag="620" ind1=" " ind2=" ">
    <subfield code="d">&#x41C;&#x43E;&#x441;&#x43A;&#x432;&#x430;</subfield>
  </datafield>
  <datafield tag="700" ind1=" " ind2="1">
    <subfield code="7">ca</subfield>
    <subfield code="8">rus</subfield>
    <subfield code="a">&#x41A;&#x440;&#x430;&#x441;&#x43D;&#x43E;&#x43A;&#x443;&#x442;&#x441;&#x43A;&#x438;&#x439;</subfield>
    <subfield code="b">&#x412;. &#x410;.</subfield>
    <subfield code="f">1873-</subfield>
    <subfield code="g">&#x412;&#x430;&#x441;&#x438;&#x43B;&#x438;&#x439; &#x410;&#x43B;&#x435;&#x43A;&#x441;&#x430;&#x43D;&#x434;&#x440;&#x43E;&#x432;&#x438;&#x447;</subfield>
    <subfield code="3">RU\NLR\AUTH\770280948</subfield>
    <subfield code="9">2652915</subfield>
  </datafield>
  <datafield tag="701" ind1=" " ind2="1">
    <subfield code="a">&#x41A;&#x43B;&#x44F;&#x446;&#x43A;&#x438;&#x43D;</subfield>
    <subfield code="b">&#x41C;.&#x413;.</subfield>
    <subfield code="f">1897-1926</subfield>
    <subfield code="g">&#x41C;&#x438;&#x445;&#x430;&#x438;&#x43B; &#x413;&#x435;&#x440;&#x446;&#x435;&#x432;&#x438;&#x447;</subfield>
  </datafield>
  <datafield tag="701" ind1=" " ind2="1">
    <subfield code="a">&#x420;&#x44B;&#x43D;&#x434;&#x437;&#x44E;&#x43D;&#x441;&#x43A;&#x438;&#x439;</subfield>
    <subfield code="b">&#x413;.&#x414;.</subfield>
    <subfield code="f">1873-1937</subfield>
    <subfield code="g">&#x413;&#x440;&#x438;&#x433;&#x43E;&#x440;&#x438;&#x439; &#x414;&#x430;&#x432;&#x44B;&#x434;&#x43E;&#x432;&#x438;&#x447;</subfield>
  </datafield>
  <datafield tag="801" ind1=" " ind2="0">
    <subfield code="a">RU</subfield>
    <subfield code="b">NLR</subfield>
    <subfield code="c">20060714</subfield>
  </datafield>
  <datafield tag="899" ind1=" " ind2=" ">
    <subfield code="a">&#x420;&#x41D;&#x411;</subfield>
    <subfield code="j">14/177</subfield>
  </datafield>
  <datafield tag="899" ind1=" " ind2=" ">
    <subfield code="a">&#x41D;&#x411; &#x411;&#x435;&#x43B;.</subfield>
    <subfield code="z">(&#x412;&#x44B;&#x43F;.1)</subfield>
  </datafield>
  <datafield tag="899" ind1=" " ind2=" ">
    <subfield code="a">&#x41D;&#x413;&#x41E;&#x423;&#x41D;&#x411;</subfield>
    <subfield code="z">(&#x412;&#x44B;&#x43F;.1)</subfield>
  </datafield>
  <datafield tag="899" ind1=" " ind2=" ">
    <subfield code="a">&#x41C;&#x413;&#x423;</subfield>
  </datafield>
  <datafield tag="899" ind1=" " ind2=" ">
    <subfield code="a">&#x41A;&#x438;&#x440;&#x41E;&#x423;&#x41D;&#x411;</subfield>
    <subfield code="z">(&#x412;&#x44B;&#x43F;.1)</subfield>
  </datafield>
  <datafield tag="899" ind1=" " ind2=" ">
    <subfield code="a">&#x410;&#x41A;&#x423;&#x41D;&#x411;</subfield>
    <subfield code="z">(&#x412;&#x44B;&#x43F;.2)</subfield>
  </datafield>
  <datafield tag="899" ind1=" " ind2=" ">
    <subfield code="a">&#x420;&#x413;&#x411;</subfield>
  </datafield>
  <datafield tag="899" ind1=" " ind2=" ">
    <subfield code="a">&#x421;&#x430;&#x43C;&#x41E;&#x423;&#x41D;&#x411;</subfield>
    <subfield code="z">(&#x412;&#x44B;&#x43F;.2)</subfield>
  </datafield>
  <datafield tag="899" ind1=" " ind2=" ">
    <subfield code="a">&#x411;&#x410;&#x41D;</subfield>
  </datafield>
  <datafield tag="899" ind1=" " ind2=" ">
    <subfield code="a">SLK</subfield>
    <subfield code="z">(&#x412;&#x44B;&#x43F;.1)</subfield>
  </datafield>
  <datafield tag="899" ind1=" " ind2=" ">
    <subfield code="a">&#x421;&#x41F;&#x431;&#x413;&#x423;</subfield>
  </datafield>
  <datafield tag="942" ind1=" " ind2=" ">
    <subfield code="c">BOOK</subfield>
  </datafield>
  <datafield tag="980" ind1=" " ind2=" ">
    <subfield code="a">NB</subfield>
  </datafield>
  <datafield tag="980" ind1=" " ind2=" ">
    <subfield code="a">A1SV</subfield>
  </datafield>
  <datafield tag="980" ind1=" " ind2=" ">
    <subfield code="a">A1SV</subfield>
  </datafield>
</record>
